Normal view
MARC view
Entry Personal Name
001 - CONTROL NUMBER
- control field: 16377
003 - CONTROL NUMBER IDENTIFIER
- control field: OSt
005 - DATE AND TIME OF LATEST TRANSACTION
- control field: 20151023134447.0
008 - FIXED-LENGTH DATA ELEMENTS
- fixed length control field: 151023|| aca||aabn | a|a d
040 ## - CATALOGING SOURCE
- Original cataloging agency: OSt
- Transcribing agency: OSt
100 ## - HEADING--PERSONAL NAME
- Personal name: Dutt, C Romesh
670 ## - SOURCE DATA FOUND
- Source citation: Work cat.: (OSt)6679: Dutt, C Romesh, The Great Epics of Ancient India, 1976









